| 000 | 01187nam a22002895a 4500 | ||
|---|---|---|---|
| 003 | OSt | ||
| 005 | 20201124142927.0 | ||
| 008 | 100627t1996 ua frb 00 0 rara d | ||
| 020 | _a9772270447 | ||
| 040 |
_aEG-Sb BUE _bara _cEG-Sb BUE |
||
| 043 | _af-ua--- | ||
| 082 | 0 | 4 |
_a303.4830962 _bث و ر _222 |
| 245 | 0 | 2 |
_aالثورة التكنولوجية : _bخيارات مصر للقرن 21 / _cرؤوف حامد [وآخ.] ؛ تحرير محمد السيد سعيد. |
| 246 | 3 |
_aالثورة التكنولوجية : _bخيارات مصر للقرن الحادي والعشرين |
|
| 250 | _aط. 1. | ||
| 260 |
_aالقاهرة : _bمركز الدراسات السياسية والاستراتيجية، _c1996. |
||
| 300 |
_a278 ص. ؛ _c24 سم. |
||
| 504 | _aيشتمل على إرجاعات ببليوجرافية | ||
| 541 |
_aد.باسم ؛ _cإهداء ؛ |
||
| 650 | 7 |
_aالتكنولوجيا _zمصر. _2BUEsh _927938 |
|
| 650 | 7 |
_aالصناعات _zمصر. _915281 _2BUEsh |
|
| 650 | 7 |
_aالآلات الصناعية _2BUEsh _915285 |
|
| 651 | _2BUEsh | ||
| 653 |
_bGGEN _cAugust2015 |
||
| 700 | 1 |
_aسعيد، محمد السيد، _eمحرر. _915276 |
|
| 942 | _2ddc | ||
| 999 |
_c14230 _d14230 |
||